| 000 | 00452cam a2200169ua 4500 | ||
|---|---|---|---|
| 020 | _a0 435 72053 8 | ||
| 041 |
_aeng _h |
||
| 082 |
_a629.2 _bDOL/MO |
||
| 100 | _aDolan, J A . | ||
| 245 |
_aMotor vehicle technology and practical work, vol-1,2 / _cJ A Dolan. _hTextual Documents |
||
| 250 |
_a1 / _b. |
||
| 260 |
_aLondon : _bHeinemann Educational Books Ltd. , _c1980. |
||
| 300 | _a700 ; . | ||
| 504 | _a | ||
| 942 | _cBK | ||
| 999 |
_c7482 _d7482 |
||